Statistics for Generation 9 Pokémon (Paldea Region)

Click here to take the quiz!

General Stats

  • This quiz has been taken 12 times
  • The average score is 56 of 103

Answer Stats

NumberTypeAnswer% Correct
#0906GrassSprigatito
100%
#0909FireFuecoco
89%
#0920Bug/DarkLokix
89%
#0921ElectricPawmi
89%
#0922Electric/FightingPawmo
89%
#0912WaterQuaxly
89%
#0911Fire/GhostSkeledirge
89%
#0910FireCrocalor
78%
#0941Electric/FlyingKilowattrel
78%
#0908Grass/DarkMeowscarada
78%
#0923Electric/FightingPawmot
78%
#0914Water/FightingQuaquaval
78%
#0913WaterQuaxwell
78%
#0918BugSpidops
78%
#0931Normal/FlyingSquawkabilly
78%
#0917BugTarountula
78%
#0940Electric/FlyingWattrel
78%
#0930Grass/NormalArboliva
67%
#0929Grass/NormalDolliv
67%
#0926FairyFidough
67%
#0907GrassFloragato
67%
#0945Poison/NormalGrafaiai
67%
#0915NormalLechonk
67%
#1008Electric/DragonMiraidon
67%
#0932RockNacli
67%
#0919BugNymble
67%
#0928Grass/NormalSmoliv
67%
#0924NormalTandemaus
67%
#0959Fairy/SteelTinkaton
67%
#0958Fairy/SteelTinkatuff
67%
#0948Ground/GrassToedscool
67%
#0949Ground/GrassToedscruel
67%
#0965Steel/PoisonVaroom
67%
#0979Fighting/GhostAnnihilape
56%
#0998Dragon/IceBaxcalibur
56%
#0939ElectricBellibolt
56%
#0962Flying/DarkBombirdier
56%
#0975IceCetitan
56%
#0980Poison/GroundClodsire
56%
#0973Flying/FightingFlamigo
56%
#0987Ghost/FairyFlutter Mane
56%
#0999GhostGimmighoul
56%
#0984Ground/FightingGreat Tusk
56%
#0991Ice/WaterIron Bundle
56%
#0992Fighting/ElectricIron Hands
56%
#0993Dark/FlyingIron Jugulis
56%
#0994Fire/PoisonIron Moth
56%
#0995Rock/ElectricIron Thorns
56%
#0990Ground/SteelIron Treads
56%
#1007Fighting/DragonKoraidon
56%
#0943DarkMabosstiff
56%
#0925NormalMaushold
56%
#0933RockNaclstack
56%
#0916NormalOinkologne
56%
#0964WaterPalafin
56%
#0989Electric/GroundSandy Shocks
56%
#0985Fairy/PsychicScream Tail
56%
#0944Poison/NormalShroodle
56%
#0957Fairy/SteelTinkatink
56%
#0960WaterWiglett
56%
#0961WaterWugtrio
56%
#0997Dragon/IceArctibax
44%
#0986Grass/DarkBrute Bonnet
44%
#0951GrassCapsakid
44%
#0974IceCetoddle
44%
#1002Dark/IceChien-Pao
44%
#1004Dark/FireChi-Yu
44%
#0967Dragon/NormalCyclizar
44%
#0927FairyDachsbun
44%
#0977WaterDondozo
44%
#0963WaterFinizen
44%
#0955PsychicFlittle
44%
#0996Dragon/IceFrigibax
44%
#1000Steel/GhostGholdengo
44%
#1006Fairy/FightingIron Valiant
44%
#0983Dark/SteelKingambit
44%
#0950RockKlawf
44%
#0942DarkMaschiff
44%
#0968SteelOrthworm
44%
#0966Steel/PoisonRevavroom
44%
#1005Dragon/DarkRoaring Moon
44%
#0952Grass/FireScovillain
44%
#0988Bug/FightingSlither Wing
44%
#0938ElectricTadbulb
44%
#0978Dragon/WaterTatsugiri
44%
#0976Water/PsychicVeluza
44%
#1001Dark/GrassWo-Chien
44%
#0936Fire/PsychicArmarouge
33%
#0947Grass/GhostBrambleghast
33%
#0946Grass/GhostBramblin
33%
#0937Fire/GhostCeruledge
33%
#0935FireCharcadet
33%
#0956PsychicEspathra
33%
#0981Normal/PsychicFarigiraf
33%
#0953BugRellor
33%
#1003Dark/GroundTing-Lu
33%
#0934RockGarganacl
22%
#0969Rock/PoisonGlimmet
22%
#0970Rock/PoisonGlimmora
22%
#0954Bug/PsychicRabsca
22%
#0982NormalDudunsparce
11%
#0971GhostGreavard
11%
#0972GhostHoundstone
11%

Score Distribution

Percentile by Number Answered

Percent of People with Each Score

Your Score History

You have not taken this quiz